• 首页
  • 本馆介绍
  • 公告通知
  • 最新文献
  • 馆藏检索
  • 电子资源
  • 读者导购
  • 参考咨询
  • 我的图书馆
  • 登录
  • 详细信息显示
  • 放入我的书架
  • 预约/预借图书
  • 作者相关作品
  • 分类相关作品
  • 丛书相关作品
  • 出版社相关作品

书目信息

  • 表格格式
  • 工作单格式
  • 卡片格式
题名:
美国管理技术大学工商管理硕士优秀论文集 一
    
 
作者: 李莉莉 主编
分册:  
出版信息: 北京   中国财政经济出版社  2003.01
页数: 554页
开本: 26cm
丛书名:
单 册:
中图分类: F270-53
科图分类:
主题词: 企业经济
电子资源:
ISBN: 7-5005-6247-0
000 00680nam0 2200205 450
001 0732114370
005 20071215085551.67
010    @a7-5005-6247-0@dCNY158.00
100    @a20071215d2003 km y0chiy0120 ea
101 0  @achi
102    @aCN@b110000
200 1  @a美国管理技术大学工商管理硕士优秀论文集 一@Amei guo guan li ji shu da xue gong shang guan li shuo shi you xiu lun wen ji yi@f李莉莉主编@Fli li li zhu bian
210    @a北京@c中国财政经济出版社@d2003.01
215    @a554页@d26cm
606 0  @a企业经济
690    @aF270-53@v4
701  0 @a李莉莉@Ali li li@4主编
801  0 @aCN@b大连网信软件有限公司图书馆@c20071215
905    @aBZT@dF270-53@e2
906    @dCNY158.00@n0@r1
    
    美国管理技术大学工商管理硕士优秀论文集 一/李莉莉主编.-北京:中国财政经济出版社,2003.01
    554页;26cm
    
    
    ISBN 7-5005-6247-0:CNY158.00
    
●
相关链接 在五车中查询图书 在当当中查询图书 在豆瓣中查询图书


正题名:美国管理技术大学工商管理硕士优秀论文集 一     索取号:F270-53/2         预约/预借

序号 登录号 条形码 馆藏地/架位号 状态 备注
1 633590   2000633590   中心书库北库/ 北库011架B面2列1层1/ [索取号:F270-53/2] 在馆    
2 633591   2000633591   中心书库北库/ 北库011架B面2列1层5/ [索取号:F270-53/2] 在馆    
3 633592   2000633592   中心书库北库/ 北库011架B面2列1层2/ [索取号:F270-53/2] 在馆    
4 633593   2000633593   中心书库北库/ 北库011架B面2列1层4/ [索取号:F270-53/2] 在馆    
5 633594   2000633594   中心书库北库/ 北库011架B面2列1层3/ [索取号:F270-53/2] 在馆    
山东省滨州职业学院图书馆 欢迎您!
大连网信软件有限公司© 版权所有